<The> Brand of the National Forest Holding “State Forests”

Silná značka znamená náskok pred konkurenciu a je zároveň aj základnou hodnotou podniku. Budovanie značky výrobku, spoločnosti, ktorá ponúka produkty alebo služby sa môže realizovať pomocou marketingovej kampane, reklamy alebo distribúcie. Ale budovanie značky organizácie, akou je Národná lesnícka h...

Descripción completa

Guardado en:
Detalles Bibliográficos
Autor principal: Roszyk Kowalska, Gabriela
Otros Autores: Małž, Piotr
Formato: Capítulo de libro
Lenguaje:inglés
Materias:
Etiquetas: Agregar Etiqueta
Sin Etiquetas, Sea el primero en etiquetar este registro!

MARC

LEADER 00000naa a2200000 4500
001 0236096
005 20220722103729.9
041 0 |a eng 
044 |a SK 
245 1 0 |a <The> Brand of the National Forest Holding “State Forests”  |c Gabriela Roszyk Kowalska, Piotr Małž 
520 |a Silná značka znamená náskok pred konkurenciu a je zároveň aj základnou hodnotou podniku. Budovanie značky výrobku, spoločnosti, ktorá ponúka produkty alebo služby sa môže realizovať pomocou marketingovej kampane, reklamy alebo distribúcie. Ale budovanie značky organizácie, akou je Národná lesnícka holdingová spoločnosť „Štátne lesy“ by mala závisieť od propagácie nevýrobných funkcií Štátnych lesov a od spoločenskej zodpovednosti firiem . Napriek de facto monopolné mu postaveniu na lesníckom trhu, Štátne lesy potrebujú, aby ich spoločnosť, vystupujúca v roli stakeholdera holdingovej spoločnosti, akceptovala. Analýza povedomia o značke NFH SF a povedomie o svojom poslaní a činnosti. 
610 2 0 |a značky 
610 2 0 |a lesy 
610 2 0 |a konkurencieschopnosť 
610 2 0 |a hodnota podniku 
610 2 0 |a propagácia 
610 2 0 |a zodpovednosť spoločenská 
100 1 |a Roszyk Kowalska, Gabriela 
700 1 |a Małž, Piotr